| 000 | 00794nam a22002537a 4500 | ||
|---|---|---|---|
| 999 |
_c697 _d697 |
||
| 003 | AR-CdUCM | ||
| 008 | 190225b ||||| |||| 00| 0 spa d | ||
| 040 |
_aMUNICIPALIDAD PROVINCIAL DEL CUSCO _cBIBLIOTECA MUNICIPAL DEL CUSCO |
||
| 041 | _heng | ||
| 082 |
_a954.042 / _bN36 |
||
| 100 |
_aMorales, Frank _92691 |
||
| 245 | _aJawaharial Nehru / | ||
| 260 |
_aEspaña : _bGrijalbo, _c1966 |
||
| 300 |
_a539 páginas ; _c22cm. |
||
| 505 | _aUna cita con el destino -- Niñez - Harrow y Cambridge -- Se gesta la tormenta -- Descubriendo la India... | ||
| 650 |
_aBiografía _922 |
||
| 650 |
_aIndia _92692 |
||
| 650 |
_aHistoria _9136 |
||
| 650 |
_aSiglo XX _98 |
||
| 650 |
_aPolítica y gobierno _92693 |
||
| 700 |
_aMorales, Frank. _92691 |
||
| 942 |
_2ddc _cLIBROS |
||
| 945 |
_admma _d2019-02-25 |
||